000 00596nam a2200217Ia 4500
005 20250508150834.0
008 008 250505s9999 xx 000 0 eng d
037 _aTextual
040 _aFEDL
_beng
_cFEDL
041 _aeng
_2eng
084 _a301, GIL
_qFEDL
100 _aGillin John Lewis..(et.al).
_9757784
245 0 _aSocial problems
250 _a3rd
260 _aNew York, USA
_bAppleton-Century-Crofts
_c1943
300 _axii,528p
490 _aThe century social science series
650 _aSociology
942 _cTEXL
_h301, GIL
999 _c1325993
_d1325993